[Event "Biel"]
[Site "Biel SUI"]
[Date "1999.07.23"]
[Round "5"]
[White "Pelletier, Yannick"]
[Black "Bunzmann, Dimitrij"]
[Result "1/2-1/2"]
[WhiteElo "2479"]
[BlackElo "2596"]
[PlyCount "62"]
[EventDate "1999.07.19"]
[EventType "tourn"]
[EventRounds "10"]
[EventCountry "SUI"]
[EventCategory "14"]

1. Nf3 Nf6 2. c4 e6 3. Nc3 b6 4. g3 Bb7 5. Bg2 Be7 6. O-O O-O 7. Re1 d5 8. cxd5 exd5 9. d4 c5 10. Bf4 Nbd7 11. dxc5 Nxc5 12. a3 Nce4 13. Be5 Bc5 14. Bd4 Rc8 15. Na2 Ng4 16. Rf1 Qe7 17. h3 Nh6 18. Nb4 Rfd8 19. e3 Nf5 20. Re1 Nxd4 21. exd4 Bxb4 22. axb4 Qxb4 23. Rxa7 Qxb2 24. Re2 Qb5 25. Bf1 Qc6 26. Ne5 Qc7 27. Qb3 Ra8 28. Rc2 Qb8 29. Rxa8 Bxa8 30. Bg2 Qa7 31. Ra2 Qb8 1/2-1/2

[Event "Biel"]
[Site "Biel SUI"]
[Date "1999.07.27"]
[Round "9"]
[White "Bunzmann, Dimitrij"]
[Black "Pelletier, Yannick"]
[Result "0-1"]
[WhiteElo "2596"]
[BlackElo "2479"]
[PlyCount "114"]
[EventDate "1999.07.19"]
[EventType "tourn"]
[EventRounds "10"]
[EventCountry "SUI"]
[EventCategory "14"]

1. Nf3 Nf6 2. c4 e6 3. d4 d5 4. Nc3 c6 5. Bg5 h6 6. Bxf6 Qxf6 7. Qc2 Nd7 8. e4 dxe4 9. Qxe4 Bb4 10. Bd3 c5 11. a3 cxd4 12. axb4 dxc3 13. b3 Qe7 14. Qd4 e5 15. Qxc3 e4 16. O-O O-O 17. Rfe1 f5 18. Bc2 b6 19. Nd4 Qf6 20. Nb5 Ne5 21. f4 Nc6 22. Qxf6 Rxf6 23. Ra4 a6 24. Nc7 Rb8 25. b5 Nd4 26. bxa6 Bxa6 27. Nxa6 Nxc2 28. Rd1 Ra8 29. Kf2 g5 30. g3 gxf4 31. gxf4 Rg6 32. c5 b5 33. Ra2 e3+ 34. Kf3 e2 35. Kxe2 Rg2+ 36. Kf3 Ne1+ 37. Rxe1 Rxa2 38. Nc7 R8a3 39. Rb1 b4 40. Nd5 Rxh2 41. c6 Kf7 42. Nxb4 Rxb3+ 43. Rxb3 Rh3+ 44. Ke2 Rxb3 45. Nc2 Rb2 46. Kd3 Rxc2 47. Kxc2 Ke6 48. Kd3 Kd6 49. Kd4 h5 50. c7 Kxc7 51. Ke5 h4 52. Kxf5 h3 53. Kg6 h2 54. f5 h1=Q 55. f6 Kd7 56. Kg7 Ke6 57. f7 Qb7 0-1